Introduction to psychology: Based on Schaum's outline of theory and problems of introduction to psychology

Đã lưu trong:
Bibliografiske detaljer
Hovedforfatter: Arno F. Wittig
Format: Bog
Sprog:Undetermined
Udgivet: New York McGraw-Hill 2002
Fag:
Tags: Tilføj Tag
Ingen Tags, Vær først til at tagge denne postø!
Thư viện lưu trữ: Trung tâm Học liệu Trường Đại học Cần Thơ
LEADER 00533nam a2200181Ia 4500
001 CTU_54882
008 210402s9999 xx 000 0 und d
020 |b 80000 
082 |a 150 
082 |b W832 
100 |a Arno F. Wittig 
245 0 |a Introduction to psychology: Based on Schaum's outline of theory and problems of introduction to psychology 
245 0 |c Arno F. Wittig 
260 |a New York 
260 |b McGraw-Hill 
260 |c 2002 
650 |a psychology 
980 |a Trung tâm Học liệu Trường Đại học Cần Thơ